Visions in late medieval England (Record no. 7201)
[ view plain ]
| 000 -LEADER | |
|---|---|
| fixed length control field | 02212nam a2200409 a 4500 |
| 001 - CONTROL NUMBER | |
| control field | ebr10271082 |
| 003 - CONTROL NUMBER IDENTIFIER | |
| control field | CaPaEBR |
| 006 - FIXED-LENGTH DATA ELEMENTS--ADDITIONAL MATERIAL CHARACTERISTICS--GENERAL INFORMATION | |
| fixed length control field | m u |
| 007 - PHYSICAL DESCRIPTION FIXED FIELD--GENERAL INFORMATION | |
| fixed length control field | cr cn||||||||| |
| 008 - FIXED-LENGTH DATA ELEMENTS--GENERAL INFORMATION | |
| fixed length control field | 061018s2007 ne sb 001 0 eng |
| 010 ## - LIBRARY OF CONGRESS CONTROL NUMBER | |
| Canceled/invalid LC control number | 2006051758 |
| 015 ## - NATIONAL BIBLIOGRAPHY NUMBER | |
| National bibliography number | GBA690863 |
| Source | bnb |
| 016 7# - NATIONAL BIBLIOGRAPHIC AGENCY CONTROL NUMBER | |
| Canceled or invalid record control number | 013584924 |
| Source | Uk |
| 020 ## - INTERNATIONAL STANDARD BOOK NUMBER | |
| Cancelled/invalid ISBN | 9004156062 (hardback : alk. paper) |
| Cancelled/invalid ISBN | 9789004156067 (hardback : alk. paper) |
| 040 ## - CATALOGING SOURCE | |
| Original cataloging agency | CaPaEBR |
| Transcribing agency | CaPaEBR |
| 035 ## - SYSTEM CONTROL NUMBER | |
| System control number | (OCoLC)646789925 |
| 050 14 - LIBRARY OF CONGRESS CALL NUMBER | |
| Classification number | BV5091.V6 |
| Item number | A33 2007eb |
| 082 04 - DEWEY DECIMAL CLASSIFICATION NUMBER | |
| Classification number | 248.2/9 |
| Edition number | 22 |
| 100 1# - MAIN ENTRY--PERSONAL NAME | |
| Personal name | Adams, Gwenfair Walters. |
| 245 10 - TITLE STATEMENT | |
| Title | Visions in late medieval England |
| Medium | [electronic resource] : |
| Remainder of title | lay spirituality and sacred glimpses of the hidden worlds of faith / |
| Statement of responsibility, etc | by Gwenfair Walters Adams. |
| 260 ## - PUBLICATION, DISTRIBUTION, ETC. (IMPRINT) | |
| Place of publication, distribution, etc | Leiden ; |
| -- | Boston : |
| Name of publisher, distributor, etc | Brill, |
| Date of publication, distribution, etc | 2007. |
| 300 ## - PHYSICAL DESCRIPTION | |
| Extent | xxiii, 273 p. |
| 490 1# - SERIES STATEMENT | |
| Series statement | Studies in the history of Christian traditions, |
| International Standard Serial Number | 1573-5664 ; |
| Volume number/sequential designation | v. 130 |
| 504 ## - BIBLIOGRAPHY, ETC. NOTE | |
| Bibliography, etc | Includes bibliographical references (p. [225]-246) and index. |
| 505 00 - FORMATTED CONTENTS NOTE | |
| Title | Transactions of satisfaction and visions of the otherworld -- |
| -- | Reciprocated devotion and visitations of the saints -- |
| -- | Spiritual warfare in demonic encounters -- |
| -- | Seeing through the surface : vision as supra-sacramental sight -- |
| -- | Visions, power, and the dynamic of mediated revelation -- |
| -- | Appendix A : Vision : range of uses of term in late medieval England -- |
| -- | Appendix B : Byland Abbey ghost stories as contemporary accounts -- |
| -- | Appendix C : Additional visions and vision types. |
| 533 ## - REPRODUCTION NOTE | |
| Type of reproduction | Electronic reproduction. |
| Place of reproduction | Palo Alto, Calif. : |
| Agency responsible for reproduction | ebrary, |
| Date of reproduction | 2013. |
| Note about reproduction | Available via World Wide Web. |
| -- | Access may be limited to ebrary affiliated libraries. |
| 650 #0 - SUBJECT ADDED ENTRY--TOPICAL TERM | |
| Topical term or geographic name as entry element | Visions |
| General subdivision | History |
| Chronological subdivision | To 1500. |
| Topical term or geographic name as entry element | Spirituality |
| General subdivision | History of doctrines |
| Chronological subdivision | Middle Ages, 600-1500. |
| Topical term or geographic name as entry element | Spiritual warfare |
| General subdivision | History |
| Chronological subdivision | To 1500. |
| Topical term or geographic name as entry element | Church history |
| Chronological subdivision | Middle Ages, 600-1500. |
| 651 #0 - SUBJECT ADDED ENTRY--GEOGRAPHIC NAME | |
| Geographic name | England |
| General subdivision | Church history |
| Chronological subdivision | 1066-1485. |
| 655 #7 - INDEX TERM--GENRE/FORM | |
| Genre/form data or focus term | Electronic books. |
| Source of term | local |
| 710 2# - ADDED ENTRY--CORPORATE NAME | |
| Corporate name or jurisdiction name as entry element | ebrary, Inc. |
| 830 #0 - SERIES ADDED ENTRY--UNIFORM TITLE | |
| Uniform title | Studies in the history of Christian traditions ; |
| Volume number/sequential designation | v. 130. |
| 856 40 - ELECTRONIC LOCATION AND ACCESS | |
| Uniform Resource Identifier | <a href="http://site.ebrary.com/lib/rucke/Doc?id=10271082">http://site.ebrary.com/lib/rucke/Doc?id=10271082</a> |
| Public note | An electronic book accessible through the World Wide Web; click to view |
No items available.
